000
00244nam a22001217a 4500
008
181029b xxu||||| |||| 00| 0 eng d
041
_a
eng
080
_a
701
100
_a
44
101
_a
ART
245
_a
Gaugnin
_c
Alley,R
942
_2
udc
_c
BK
999
_c
50958
_d
50958